Quality of the surface waters of Oregon / (Record no. 25440)

MARC details
000 -LEADER
fixed length control field 01635cam a22003011 4500
001 - CONTROL NUMBER
control field gs 14000784
003 - CONTROL NUMBER IDENTIFIER
control field DLC
005 - DATE AND TIME OF LATEST TRANSACTION
control field 20260227111316.0
007 - PHYSICAL DESCRIPTION FIXED FIELD--GENERAL INFORMATION
fixed length control field cr_|||||||||||
008 - FIXED-LENGTH DATA ELEMENTS--GENERAL INFORMATION
fixed length control field 840928s1914 dcuabf f000 0 eng c
010 ## - LIBRARY OF CONGRESS CONTROL NUMBER
LC control number gs 14000784
035 ## - SYSTEM CONTROL NUMBER
System control number (OCoLC)11209600
040 ## - CATALOGING SOURCE
Original cataloging agency U.S. Geol. survey. Library
Transcribing agency CLS
Modifying agency DLC
042 ## - AUTHENTICATION CODE
Authentication code premarc
050 00 - LIBRARY OF CONGRESS CALL NUMBER
Classification number TC801
Item number .U2 no. 363
051 ## - LIBRARY OF CONGRESS COPY, ISSUE, OFFPRINT STATEMENT
Classification number GB1225.O7
Item number V3
100 1# - MAIN ENTRY--PERSONAL NAME
Personal name Van Winkle, Walton,
Dates associated with a name 1910-
245 10 - TITLE STATEMENT
Title Quality of the surface waters of Oregon /
Statement of responsibility, etc. by Walton Van Winkle ; prepared in cooperation with the State of Oregon, John H. Lewis, State Engineer.
260 ## - PUBLICATION, DISTRIBUTION, ETC.
Place of publication, distribution, etc. Washington :
Name of publisher, distributor, etc. Govt. Print. Off.,
Date of publication, distribution, etc. 1914.
300 ## - PHYSICAL DESCRIPTION
Extent 137 p., [2] leaves of plates :
Other physical details ill., fold. map, diagr. ;
Dimensions 24 cm.
440 #0 - SERIES STATEMENT/ADDED ENTRY--TITLE
Title Geological Survey water-supply paper ;
Volume/sequential designation 363
501 ## - WITH NOTE
With note TC801.U2 no. 363 with: Water analyses from the Laboratory of the United States Geological Survey / tabulated by F. W. Clarke -- Ground water in southeastern Nevada / by Everett Carpenter -- Profile surveys of Snoqualmie, Sultan, and Skykomish rivers, Washington / by R. B. Marshall -- Profile surveys of Missouri River from Great Falls to Three Forks, Montana / by R. B. Marshall -- Profile surveys in Wenatchee River basin, Washington / by R. B. Marshall. Washington : Govt. Print. Off., 1914-1915. Bound together subsequent to publication.
Institution to which field applies DLC
530 ## - ADDITIONAL PHYSICAL FORM AVAILABLE NOTE
Additional physical form available note Also available in digital form on the Internet Archive Web site.
650 #0 - SUBJECT ADDED ENTRY--TOPICAL TERM
Topical term or geographic name entry element Water-supply
Geographic subdivision Oregon.
650 #0 - SUBJECT ADDED ENTRY--TOPICAL TERM
Topical term or geographic name entry element Water
General subdivision Composition.
710 1# - ADDED ENTRY--CORPORATE NAME
Corporate name or jurisdiction name as entry element Oregon.
Subordinate unit State Engineer.
856 41 - ELECTRONIC LOCATION AND ACCESS
Uniform Resource Identifier <a href="http://hdl.loc.gov/loc.gdc/scd0001.0019953693A">http://hdl.loc.gov/loc.gdc/scd0001.0019953693A</a>

No items available.

Powered by Koha